00650nam a2200205Ia 450000500170000000800410001702000230005804100090008108200160009010000250010624500780013125000120020926000270022130000290024850400100027765000140028794200120030199900190031395201120033220250520134043.0240825s9999 xx 000 0 und d a9788180942716qhbk aeng  a330.156 KEY aKeynes, John Maynard 4aThe General Theory Of Employment Interest & Moneyc/ John Maynard Keynes a1st ed. bMjp,c2022.aChennai : a384 p. ;c21cm.bxxiv ;  aindex aEconomics cENGLISH c551327d551327 00104070aACLbACLc4Ad2024-04-12g2850.00l0o330.156 KEYp676562r2024-08-25 14:26:05w2024-04-12yREF